000
00296nam a22001337a 4500
003
NUST
005
20251009160802.0
082
_a
641.31.ADM
245
_a
Nutritive Value of Foods /
260
_a
USA
_b
Washington
_c
1981
300
_a
33 p
650
_a
Nutritive Foods
_9
131068
942
_2
ddc
_c
BK
999
_c
615139
_d
615139